BUILDING THE DATA WARE HOUSE / (Record no. 588173)
[ view plain ]
| 000 -LEADER | |
|---|---|
| fixed length control field | 00353nam a22001457a 4500 |
| 020 ## - INTERNATIONAL STANDARD BOOK NUMBER | |
| Qualifying information | PB. |
| 040 ## - CATALOGING SOURCE | |
| Transcribing agency | FIZZA ISHAQ |
| 082 ## - DEWEY DECIMAL CLASSIFICATION NUMBER | |
| Classification number | 005.74 |
| Author Mark | WIL |
| 100 ## - MAIN ENTRY--PERSONAL NAME | |
| Personal name | INMON,H. WILLIAM. |
| 9 (RLIN) | 89440 |
| 245 ## - TITLE STATEMENT | |
| Title | BUILDING THE DATA WARE HOUSE / |
| Statement of responsibility, etc. | WILLIAM H. INMON. |
| 250 ## - EDITION STATEMENT | |
| Edition statement | 4th ED. |
| 260 ## - PUBLICATION, DISTRIBUTION, ETC. | |
| Place of publication, distribution, etc. | CANADA ; |
| Name of publisher, distributor, etc. | WILEY, |
| Date of publication, distribution, etc. | 2005. |
| 300 ## - PHYSICAL DESCRIPTION | |
| Extent | 543 P. ; |
| 942 ## - ADDED ENTRY ELEMENTS (KOHA) | |
| Source of classification or shelving scheme | |
| Koha item type | Book |
| Withdrawn status | Lost status | Source of classification or shelving scheme | Damaged status | Not for loan | Permanent Location | Current Location | Date acquired | Total Checkouts | Full call number | Barcode | Date last seen | Price effective from | Koha item type |
|---|---|---|---|---|---|---|---|---|---|---|---|---|---|
| NUST Baluchistan Campus (NBC) | NUST Baluchistan Campus (NBC) | 02/23/2022 | 005.74 WIL | Q-2555 | 02/23/2022 | 02/23/2022 | Book |
